| 000 | 00384nam a22001457a 4500 | ||
|---|---|---|---|
| 008 | 250513b |||||||| |||| 00| 0 eng d | ||
| 020 | _a9781785304989 | ||
| 050 |
_aPR6103.A888 _b.M36 |
||
| 100 | _aCastle, C. A | ||
| 245 | _aThe Manor House Coverness | ||
| 260 |
_aLondon _bBlack And White _c2023 |
||
| 300 | _a313p. | ||
| 650 |
_aGender Identity-Fiction _vManors-Fiction |
||
| 942 | _cBK | ||
| 999 |
_c3439 _d3439 |
||